000 01009nas a2200337 4500
001 BR2015001925
003 BR-BrBNA
005 20231205125217.0
007 ta
008 230509b bl.|||p| |||| 00| 00por d
040 _aBR-BrBNA
_bpor
_cBiblioteca Nacional de Agricultura
041 _a(En)
072 _aL73
100 1 _aRamos, D.F.
100 1 _aSilva, A.B.S.
100 1 _aFagundes, M.Q.
100 1 _aVon Groll, A.
100 1 _aSilva, P.E.A. da
100 1 _aDellagostin, O.A.
245 1 _aMolecular typing of Mycobacterium bovis isolated in the south of Brazil
650 _aBOVINO
650 _aTUBERCULOSE
650 _aMICOBACTERIA
650 _aDOENCA ANIMAL
650 _aMYCOBACTERIUM BOVIS
650 _aBACTERIA
773 0 _tBrazilian Journal of Microbiology (Brazil)
_xISSN 1517-8382
_g(Apr-Jun 2014), v. 45(2) p. 657-660
_wBR2015001925
856 4 0 _uhttp://www.scielo.br/pdf/bjm/v45n2/39.pdf
909 _a202311
_bLúcia
_c55
_dLúcia Elande
942 _2AGRIS
_n0
_cANA
999 _c243225
_d243225